000 01095nas a2200361 4500
001 BR0205577
003 BR-BrBNA
005 20231205103359.0
007 ta
008 230509b bl.|||p| |||| 00| 00por d
040 _aBR-BrBNA
_bpor
_cBiblioteca Nacional de Agricultura
041 _a(Pt)
072 _aF03; F30; F62
100 1 _aPeixoto, N.
100 1 _aBraz, L.T.
100 1 _aBanzatto, D.A.
100 1 _aMoraes, E.A.
100 1 _aMoreira, F.M.
245 1 _aCaracterísticas agronômicas, produtividade, qualidade de vagens e divergência genética em feijão-vagem de crescimento indeterminado
650 _aFEIJÃO TREPADOR
650 _aVAGEM
650 _aSEMENTE
650 _aVIGOR HÍBRIDO
650 _aCRESCIMENTO
650 _aCARACTERÍSTICAS AGRONÔMICAS
650 _aFLORAÇÃO
650 _aRENDIMENTO
650 _aQUALIDADE
650 _aMÉTODO ESTATÍSTICO
773 0 _tHorticultura Brasileira (Brazil)
_xISSN 0102-0536
_g(Sep 2002), v. 20(3) p. 447-451
_wBR0205577
909 _a202311
_bLúcia
_c55
_dLúcia Elande
942 _2AGRIS
_n0
_cANA
999 _c172556
_d172556